[Event "4NCL Division 1 & 2"]
[Site "Daventry, ENG"]
[Date "2022.06.25"]
[Round "10.104"]
[White "Redmond, John P."]
[Black "Hand, Freddie"]
[Result "1/2-1/2"]
[WhiteElo "2197"]
[BlackElo "2175"]
[PlyCount "61"]
[EventDate "2022.06.25"]
[WhiteTeam "West is Best 1"]
[BlackTeam "KJCA Kings"]

1. c4 e5 2. Nc3 Nf6 3. Nf3 Nc6 4. e4 Be7 5. d4 exd4 6. Nxd4 d6 7. Nc2 a5 8. Be2
O-O 9. O-O Nd7 10. Ne3 Bf6 11. Nb5 Nb6 12. Rb1 Bd7 13. Bd2 Nd4 14. Nxd4 Bxd4
15. Nc2 Bf6 16. b3 Bc6 17. f3 Nd7 18. Be3 b6 19. Nd4 Bxd4 20. Bxd4 Qe7 21. Bd3
Ne5 22. Bc2 f6 23. a4 Rae8 24. Qd2 Nd7 25. Rbe1 Nc5 26. Bc3 Qf7 27. Bd4 Qh5 28.
Bd1 Qg6 29. Bc2 Qh5 30. Bd1 Qg6 31. Bc2 1/2-1/2

[Event "4NCL Division 1 & 2"]
[Site "Daventry, ENG"]
[Date "2022.06.25"]
[Round "10.105"]
[White "Bansal, Rohan"]
[Black "Kett, Tim"]
[Result "0-1"]
[WhiteElo "1963"]
[BlackElo "2158"]
[PlyCount "82"]
[EventDate "2022.06.25"]
[WhiteTeam "KJCA Kings"]
[BlackTeam "West is Best 1"]

1. Nf3 d5 2. g3 Bg4 3. Bg2 Nd7 4. c4 e6 5. O-O Ngf6 6. b3 Be7 7. Bb2 O-O 8. d3
c6 9. Nbd2 Qa5 10. h3 Bh5 11. a3 Rad8 12. b4 Qa6 13. Qb3 b6 14. a4 Qb7 15. Rfc1
c5 16. b5 Qb8 17. Kf1 d4 18. a5 e5 19. Ra2 Ne8 20. Rca1 f5 21. axb6 axb6 22.
Ra7 Bg6 23. Ne1 Nef6 24. Rb7 Qd6 25. Raa7 e4 26. Kg1 e3 27. fxe3 Qxg3 28. Qd1
Qxe3+ 29. Kh1 Bd6 30. Ndf3 Bb8 31. Bc1 Qf2 32. Ra2 Nh5 33. Rxb8 Rxb8 34. Rc2
Ng3+ 35. Kh2 Nf1+ 36. Kh1 Ne3 37. Bxe3 Qxe3 38. Ra2 Nf6 39. Nc2 Qe7 40. Ra6
Rfe8 41. Ng1 Bh5 0-1

[Event "4NCL Division 1 & 2"]
[Site "Daventry, ENG"]
[Date "2022.06.25"]
[Round "10.106"]
[White "Southcott-Moyers, Indy"]
[Black "Young, Daniel J"]
[Result "1-0"]
[WhiteElo "2008"]
[BlackElo "1972"]
[PlyCount "65"]
[EventDate "2022.06.25"]
[WhiteTeam "West is Best 1"]
[BlackTeam "KJCA Kings"]

1. d4 d5 2. c4 c6 3. cxd5 cxd5 4. Nc3 Nc6 5. Nf3 Nf6 6. Bf4 Bf5 7. e3 e6 8. Bd3
Bxd3 9. Qxd3 Bd6 10. Bxd6 Qxd6 11. O-O O-O 12. Rfc1 Rfc8 13. Na4 h6 14. h3 Rc7
15. Qd1 Rac8 16. Nc5 Ne7 17. Nd3 Ne4 18. Nd2 Nxd2 19. Qxd2 Nc6 20. Rc3 Ne7 21.
Rac1 Rxc3 22. Rxc3 Rxc3 23. Qxc3 Qc6 24. Qa3 Nf5 25. Qc5 Qa6 26. Ne5 Qe2 27.
Qc8+ Kh7 28. Nxf7 Qe1+ 29. Kh2 Qxf2 30. Qh8+ Kg6 31. Ne5+ Kg5 32. Qd8+ Kh5 33.
Qe8+ 1-0

[Event "4NCL Division 1 & 2"]
[Site "Daventry, ENG"]
[Date "2022.06.25"]
[Round "10.107"]
[White "Merriman, James"]
[Black "Khoury, Theo"]
[Result "1/2-1/2"]
[WhiteElo "1948"]
[BlackElo "2103"]
[PlyCount "100"]
[EventDate "2022.06.25"]
[WhiteTeam "KJCA Kings"]
[BlackTeam "West is Best 1"]

1. d4 Nf6 2. c4 c5 3. d5 e6 4. Nc3 exd5 5. cxd5 d6 6. e4 g6 7. Nge2 h5 8. Bg5
Bg7 9. Qd2 a6 10. a4 Nbd7 11. f3 Qc7 12. Nd1 Rb8 13. Nec3 O-O 14. Ne3 Re8 15.
Be2 Nh7 16. Bf4 h4 17. Nc4 Ne5 18. Bxe5 Bxe5 19. Nxe5 Rxe5 20. O-O h3 21. g3 c4
22. Qd4 b5 23. axb5 axb5 24. Ra7 Qb6 25. Qxb6 Rxb6 26. Rfa1 Nf6 27. Rc7 Rb8 28.
Raa7 Bd7 29. Rxd7 Nxd7 30. Rxd7 Rb6 31. Kf2 Kg7 32. Ra7 Re8 33. Na2 Rc8 34. Ke3
b4 35. Nc1 b3 36. Ra1 c3 37. Nd3 cxb2 38. Nxb2 Rc2 39. Nc4 b2 40. Rb1 Rb3+ 41.
Kf2 f6 42. g4 g5 43. Nxd6 Rc1 44. Bd3 Rxd3 45. Rxb2 Rcc3 46. Nf5+ Kf8 47. Rb8+
Kf7 48. Rb7+ Ke8 49. Nd6+ Kd8 50. Nf7+ Kc8 1/2-1/2

[Event "4NCL Division 1 & 2"]
[Site "Daventry, ENG"]
[Date "2022.06.25"]
[Round "10.108"]
[White "Bennett, Patrick"]
[Black "Anilkumar, Anantha P"]
[Result "0-1"]
[WhiteElo "1975"]
[BlackElo "1865"]
[PlyCount "56"]
[EventDate "2022.06.25"]
[WhiteTeam "West is Best 1"]
[BlackTeam "KJCA Kings"]

1. Nf3 c5 2. g3 Nc6 3. Bg2 g6 4. c4 Bg7 5. Nc3 e6 6. O-O Nge7 7. d3 O-O 8. Bf4
e5 9. Be3 d6 10. Rb1 f5 11. a3 h6 12. Qc1 g5 13. b4 f4 14. Bd2 Nd4 15. Nxd4
cxd4 16. Nd5 Bg4 17. Qd1 Qd7 18. b5 Ng6 19. a4 Bh3 20. Qb3 Bxg2 21. Kxg2 Kh8
22. Qd1 Rf7 23. a5 Rg8 24. e3 f3+ 25. Kh1 e4 26. dxe4 Ne5 27. Rg1 Qh3 28. Qf1
Ng4 0-1

[Event "4NCL Division 1 & 2"]
[Site "Daventry, ENG"]
[Date "2022.06.25"]
[Round "10.111"]
[White "Cumming, Rhys"]
[Black "Mestel, A Jonathan"]
[Result "0-1"]
[WhiteElo "2362"]
[BlackElo "2471"]
[PlyCount "116"]
[EventDate "2022.06.25"]
[WhiteTeam "Sussex Martlets 1"]
[BlackTeam "The ADs"]

1. e4 c5 2. Nf3 d6 3. d4 cxd4 4. Nxd4 Nf6 5. Nc3 g6 6. Be3 Bg7 7. f3 O-O 8. Qd2
Nc6 9. O-O-O d5 10. exd5 Nxd5 11. Nxc6 bxc6 12. Bd4 e5 13. Bc5 Be6 14. Ne4 Re8
15. h4 h6 16. h5 g5 17. g4 Qc7 18. Bc4 a5 19. a4 Red8 20. Qf2 Rab8 21. b3 Kh8
22. Rd2 f5 23. gxf5 Bxf5 24. Rhd1 Be6 25. Qh2 Qf7 26. Ba3 Qxf3 27. Nxg5 hxg5
28. h6 Bf6 29. Rf1 Qe3 30. Qf2 Qxf2 31. Rdxf2 Nf4 32. Bxe6 e4 33. Bg4 e3 34.
Rh2 Re8 35. Re1 Rbd8 36. Bc5 e2 37. Bxe2 Bc3 38. Rd1 Nxe2+ 39. Rxe2 Rxe2 40.
Rxd8+ Kh7 41. Rd1 Kxh6 42. Bd4 Bb4 43. Kb2 g4 44. Bc3 c5 45. Rd6+ Kg5 46. Rd5+
Kf4 47. Bxb4 cxb4 48. Rxa5 g3 49. Ra8 Re5 50. Rd8 g2 51. Rd1 Kg3 52. a5 Rxa5
53. c3 Rf5 54. cxb4 Rf1 55. Rd8 g1=Q 56. Rg8+ Kf4 57. Rxg1 Rxg1 58. Kc3 Ke5 0-1

[Event "4NCL Division 1 & 2"]
[Site "Daventry, ENG"]
[Date "2022.06.25"]
[Round "10.112"]
[White "Richardson, John R"]
[Black "Forster, Matthew"]
[Result "1-0"]
[WhiteElo "2279"]
[BlackElo "2100"]
[PlyCount "85"]
[EventDate "2022.06.25"]
[WhiteTeam "The ADs"]
[BlackTeam "Sussex Martlets 1"]

1. d4 d5 2. c4 dxc4 3. e4 b5 4. a4 c6 5. b3 e5 6. Nf3 exd4 7. bxc4 bxa4 8. Qxa4
Nf6 9. Nbd2 Be7 10. Bd3 O-O 11. O-O Nbd7 12. Ba3 c5 13. Rfb1 Nb6 14. Qc2 h6 15.
Nb3 Nh5 16. Na5 Qc7 17. e5 Be6 18. Bh7+ Kh8 19. Be4 Rad8 20. Rd1 f5 21. Bd3 g5
22. Re1 g4 23. Nd2 Nd7 24. Ndb3 Nxe5 25. Rxe5 Qxe5 26. Nc6 Qd6 27. Nxd8 Qxd8
28. Nxd4 cxd4 29. Bxe7 Qxe7 30. Ra6 Bc8 31. Rxh6+ Kg7 32. Qd2 a5 33. Rc6 f4 34.
Qxa5 g3 35. hxg3 fxg3 36. Rg6+ Kf7 37. Rxg3 Rh8 38. Qd5+ Qe6 39. Qxd4 Qh6 40.
Rf3+ Kg8 41. Qd8+ Kg7 42. Qe7+ Kg8 43. Qf7# 1-0

[Event "4NCL Division 1 & 2"]
[Site "Daventry, ENG"]
[Date "2022.06.25"]
[Round "10.113"]
[White "Kolani, Arjun"]
[Black "Bradbury, Neil H"]
[Result "1/2-1/2"]
[WhiteElo "2171"]
[BlackElo "2196"]
[PlyCount "93"]
[EventDate "2022.06.25"]
[WhiteTeam "Sussex Martlets 1"]
[BlackTeam "The ADs"]

1. e4 c6 2. Nf3 d5 3. Nc3 Bg4 4. h3 Bxf3 5. Qxf3 e6 6. d4 Bb4 7. a3 dxe4 8.
Qxe4 Nf6 9. Qd3 Ba5 10. Bg5 Nbd7 11. g3 h6 12. Bd2 O-O 13. O-O-O Bxc3 14. Bxc3
Nd5 15. Bd2 b5 16. Bg2 a5 17. g4 N7b6 18. g5 hxg5 19. Rhg1 f6 20. h4 g4 21. Qe4
Qd7 22. Qxg4 b4 23. a4 Rf7 24. b3 e5 25. Qe4 Re8 26. dxe5 Rxe5 27. Qd4 Qe8 28.
Bh3 Qf8 29. f4 Re8 30. Bf5 c5 31. Qf2 Nc3 32. Bxc3 bxc3 33. Qf3 c4 34. Qxc3
Qa3+ 35. Qb2 Qc5 36. Bg6 c3 37. Bxf7+ Kxf7 38. Qa2 Qb4 39. Kb1 Nc4 40. Rd7+ Re7
41. Rxe7+ Kxe7 42. Rxg7+ Kf8 43. Rg3 Nd2+ 44. Ka1 Ne4 45. Rg2 Nd2 46. Rg3 Ne4
47. Rg2 1/2-1/2

[Event "4NCL Division 1 & 2"]
[Site "Daventry, ENG"]
[Date "2022.06.25"]
[Round "10.114"]
[White "Ahluwalia, Amardip"]
[Black "Willson, Ollie"]
[Result "1/2-1/2"]
[WhiteElo "2227"]
[BlackElo "2110"]
[PlyCount "150"]
[EventDate "2022.06.25"]
[WhiteTeam "The ADs"]
[BlackTeam "Sussex Martlets 1"]

1. e4 c5 2. Nf3 e6 3. c3 Nf6 4. d3 Nc6 5. g3 d5 6. Nbd2 Be7 7. Bg2 dxe4 8. Nxe4
Nxe4 9. dxe4 Qxd1+ 10. Kxd1 b6 11. Kc2 Bb7 12. Rd1 Rd8 13. Bf4 O-O 14. Bc7 Rxd1
15. Rxd1 Na5 16. Ne1 Rc8 17. Bf4 Kf8 18. f3 Ke8 19. Bf1 g5 20. Be3 g4 21. Bb5+
Kf8 22. Bh6+ Kg8 23. Be2 gxf3 24. Bxf3 e5 25. Rd7 Bf6 26. Nd3 a6 27. Rd6 Rc6
28. Rxc6 Nxc6 29. g4 Bg7 30. Be3 f6 31. Nc1 Nd8 32. Nb3 Nf7 33. Nd2 Nd6 34. a4
a5 35. b4 axb4 36. cxb4 cxb4 37. Bxb6 Bh6 38. Bc5 Bxd2 39. Bxd6 Bf4 40. h3 Kf7
41. Bxb4 Ke6 42. Bd2 Bg3 43. Kb3 Bf2 44. Bb4 Ba6 45. a5 Bf1 46. Ka4 Kd7 47. Bd2
Bxh3 48. Bb4 Bf1 49. Kb3 Kc6 50. Be7 Bh4 51. Bd8 Kb5 52. Kc2 Kb4 53. Kd2 Bg5+
54. Kc2 Ba6 55. Bc7 Bb5 56. Bb6 Ba4+ 57. Kd3 Bb3 58. Bd8 Ba2 59. Bb6 Bb1+ 60.
Ke2 Kc3 61. Be3 Bd3+ 62. Kf2 Ba6 63. Be2 Bxe3+ 64. Kxe3 Bc8 65. a6 Kb4 66. a7
Bb7 67. Ba6 Ba8 68. Kd3 Kc5 69. Bc8 Kb6 70. Bf5 Kxa7 71. Bxh7 Kb6 72. Bf5 Kc5
73. Kc3 Bc6 74. Bg6 Bd7 75. Bf5 Be8 1/2-1/2

[Event "4NCL Division 1 & 2"]
[Site "Daventry, ENG"]
[Date "2022.06.25"]
[Round "10.115"]
[White "Brewer, Callum D"]
[Black "Duggan, John E"]
[Result "0-1"]
[WhiteElo "2151"]
[BlackElo "2158"]
[PlyCount "118"]
[EventDate "2022.06.25"]
[WhiteTeam "Sussex Martlets 1"]
[BlackTeam "The ADs"]

1. e4 e6 2. d4 d5 3. Nd2 h6 4. Ngf3 Nf6 5. e5 Nfd7 6. c3 c5 7. Bd3 Nc6 8. Qe2
Qc7 9. a3 a5 10. b3 Be7 11. Bb2 cxd4 12. cxd4 Qb6 13. Rc1 Nf8 14. Qe3 Bd7 15.
h4 Na7 16. O-O Bb5 17. Rc2 Bxd3 18. Qxd3 Nd7 19. h5 Nc6 20. Qe3 Nf8 21. Ne1
O-O-O 22. Nd3 Kb8 23. Bc3 Bxa3 24. Ra1 Bb4 25. Bxb4 Nxb4 26. Nxb4 Qxb4 27. Ra4
Qb6 28. b4 Nd7 29. Qa3 Rc8 30. bxa5 Qa6 31. Rxc8+ Rxc8 32. Qb2 Qc6 33. Rb4 Qc1+
34. Kh2 Qxb2 35. Rxb2 Ka7 36. Ra2 Rc3 37. f4 Nb8 38. Nf3 Nc6 39. Kg1 Ka6 40.
Kf2 Nxa5 41. Ke2 b5 42. Nd2 b4 43. Nb1 Rc7 44. Nd2 Kb5 45. g4 b3 46. Rxa5+ Kxa5
47. Nxb3+ Kb4 48. Nc5 Kc4 49. Ke3 Ra7 50. f5 exf5 51. gxf5 Ra3+ 52. Kf4 Kxd4
53. Nb7 Ra1 54. e6 Rf1+ 55. Kg4 fxe6 56. fxe6 Re1 57. Nd8 Ke5 58. Nc6+ Kxe6 59.
Nd4+ Kf6 0-1

[Event "4NCL Division 1 & 2"]
[Site "Daventry, ENG"]
[Date "2022.06.25"]
[Round "10.116"]
[White "Bird, Joel"]
[Black "Graham, David B"]
[Result "0-1"]
[WhiteElo "2086"]
[BlackElo "2115"]
[PlyCount "118"]
[EventDate "2022.06.25"]
[WhiteTeam "The ADs"]
[BlackTeam "Sussex Martlets 1"]

1. e4 e6 2. d4 d5 3. Nc3 Bb4 4. exd5 exd5 5. Bd3 Nc6 6. a3 Bxc3+ 7. bxc3 Nge7
8. Qf3 Be6 9. Rb1 b6 10. Ne2 Qd7 11. Nf4 Bf5 12. O-O O-O 13. Bd2 Bxd3 14. cxd3
Qf5 15. Rfe1 Rad8 16. Qg3 Rd7 17. Re2 Ng6 18. Rbe1 h6 19. h3 Rd6 20. Qg4 Qxg4
21. hxg4 Nd8 22. Nh5 Re6 23. Rxe6 fxe6 24. c4 Kf7 25. Bb4 Rg8 26. Re3 Nc6 27.
Rf3+ Ke8 28. Bc3 Nf8 29. g5 hxg5 30. cxd5 exd5 31. Rf5 Ne7 32. Rxg5 Ne6 33. Rg4
Kf7 34. Ng3 g6 35. Nf1 Nf5 36. Nd2 g5 37. Nf3 Kf6 38. Ne5 Nf4 39. Bb2 Nh6 40.
g3 Ne6 41. Kf1 Nxg4 42. Nxg4+ Ke7 43. a4 a6 44. Ba3+ Kd8 45. Kg2 c6 46. Bb2 Kc7
47. Ne5 a5 48. Bc3 c5 49. Nf3 g4 50. Ne5 Nxd4 51. Bb2 Rg5 52. f4 gxf3+ 53. Nxf3
Nxf3 54. Kxf3 Kd6 55. Kf4 Rh5 56. g4 Rh2 57. Be5+ Ke6 58. Bc7 Rb2 59. g5 Rb4+
0-1

[Event "4NCL Division 1 & 2"]
[Site "Daventry, ENG"]
[Date "2022.06.25"]
[Round "10.117"]
[White "Payne, Matthew J"]
[Black "Agrawal, Shivam"]
[Result "1-0"]
[WhiteElo "2165"]
[BlackElo "2027"]
[PlyCount "69"]
[EventDate "2022.06.25"]
[WhiteTeam "Sussex Martlets 1"]
[BlackTeam "The ADs"]

1. e4 c6 2. d4 d5 3. e5 c5 4. dxc5 e6 5. a3 Bxc5 6. b4 Bb6 7. Bd3 Ne7 8. Nf3
Qc7 9. O-O Nbc6 10. Re1 Ng6 11. Bb2 Bd7 12. Nbd2 Nf4 13. Bf1 a5 14. b5 Ne7 15.
c4 Rc8 16. Rc1 Qb8 17. Qa4 g5 18. cxd5 Nexd5 19. Ne4 Ke7 20. g3 g4 21. Nfd2 Ng6
22. Nf6 Qa7 23. Nde4 Bc7 24. Nd6 Bxd6 25. exd6+ Kxd6 26. Nxd7 Rxc1 27. Rxc1 Rd8
28. Bd4 b6 29. Nxb6 Qb7 30. Nxd5 Qxd5 31. Bg2 Qf5 32. Bc5+ Ke5 33. Qxa5 Rd3 34.
Qe1+ Kf6 35. Be4 1-0

[Event "4NCL Division 1 & 2"]
[Site "Daventry, ENG"]
[Date "2022.06.25"]
[Round "10.118"]
[White "Walsh, Marcus"]
[Black "Grant, David J"]
[Result "0-1"]
[WhiteElo "1988"]
[BlackElo "2077"]
[PlyCount "72"]
[EventDate "2022.06.25"]
[WhiteTeam "The ADs"]
[BlackTeam "Sussex Martlets 1"]

1. e4 c5 2. d4 cxd4 3. c3 dxc3 4. Nxc3 e6 5. Nf3 a6 6. Bc4 b5 7. Bb3 Nc6 8. Qe2
Na5 9. O-O Bb7 10. Bf4 Nxb3 11. axb3 Rc8 12. Rfd1 Bc5 13. Ne5 Nf6 14. Bg5 d6
15. Rac1 Qb6 16. Nf3 Ng4 17. Bh4 O-O 18. h3 Ne5 19. Nxe5 dxe5 20. Kh2 f6 21.
Rd3 Bd4 22. Rcd1 b4 23. Na4 Qc6 24. f3 a5 25. Qe1 f5 26. exf5 exf5 27. Bf2 Bxf2
28. Qxf2 e4 29. Rd6 Qc7 30. f4 Rfd8 31. Qb6 Rxd6 32. Rxd6 e3 33. Kg3 e2 34. Re6
Be4 35. Re8+ Rxe8 36. Qxc7 e1=Q+ 0-1

[Event "4NCL Division 1 & 2"]
[Site "Daventry, ENG"]
[Date "2022.06.25"]
[Round "10.121"]
[White "Modi, Shyam Jagdish"]
[Black "Emerson, Roger"]
[Result "1/2-1/2"]
[WhiteElo "2243"]
[BlackElo "2155"]
[PlyCount "47"]
[EventDate "2022.06.25"]
[WhiteTeam "The Sharks 2"]
[BlackTeam "Guildford Castles"]

1. d4 Nf6 2. c4 g6 3. g3 Bg7 4. Bg2 d5 5. cxd5 Nxd5 6. e4 Nb4 7. d5 c6 8. Ne2
cxd5 9. exd5 Bf5 10. Qa4+ N8c6 11. O-O Bc2 12. Qa3 Nxd5 13. Qc5 Bxb1 14. Rxb1
Nb6 15. Bxc6+ bxc6 16. Qxc6+ Qd7 17. Qxd7+ Nxd7 18. Rd1 Nb6 19. Be3 O-O 20. Bd4
Rfd8 21. Bxg7 Kxg7 22. Nc3 Rxd1+ 23. Rxd1 Rc8 24. Rd3 1/2-1/2

[Event "4NCL Division 1 & 2"]
[Site "Daventry, ENG"]
[Date "2022.06.25"]
[Round "10.122"]
[White "Punnett, Alan K"]
[Black "Dilley, Jason M"]
[Result "1/2-1/2"]
[WhiteElo "2039"]
[BlackElo "2191"]
[PlyCount "38"]
[EventDate "2022.06.25"]
[WhiteTeam "Guildford Castles"]
[BlackTeam "The Sharks 2"]

{[%evp 0,5,16,28,112,60,88,29]} 1. e4 g6 2. d4 Bg7 3. c4 d6 4. Nc3 c6 5. Nf3
Bg4 6. Be2 Qb6 7. O-O Bxf3 8. Bxf3 Qxd4 9. Qa4 Bh6 10. Rd1 Qe5 11. Rd5 Qe6 12.
Ra5 Qc8 13. Rxa7 Rxa7 14. Qxa7 Bxc1 15. Rxc1 Nf6 16. c5 dxc5 17. Qxc5 Nbd7 18.
Qg5 Qb8 19. Re1 Qe5 1/2-1/2

[Event "4NCL Division 1 & 2"]
[Site "Daventry, ENG"]
[Date "2022.06.25"]
[Round "10.123"]
[White "Williams, Samuel G"]
[Black "Drabble, Andrew"]
[Result "1/2-1/2"]
[WhiteElo "2244"]
[BlackElo "2091"]
[PlyCount "42"]
[EventDate "2022.06.25"]
[WhiteTeam "The Sharks 2"]
[BlackTeam "Guildford Castles"]

1. d4 d5 2. c4 e6 3. Nc3 Nf6 4. cxd5 exd5 5. Bg5 c6 6. Qc2 Be7 7. e3 Nbd7 8.
Bd3 Nf8 9. Nge2 Ne6 10. Bh4 g6 11. f3 O-O 12. Rd1 Nh5 13. Bf2 f5 14. O-O Nf6
15. Qd2 Nc7 16. Bb1 Bd6 17. a3 Be6 18. Bh4 Qd7 19. Nc1 Rae8 20. Nd3 Nh5 21. Ne2
Qg7 1/2-1/2

[Event "4NCL Division 1 & 2"]
[Site "Daventry, ENG"]
[Date "2022.06.25"]
[Round "10.124"]
[White "Stimpson, Philip M"]
[Black "Varnam, Liam D"]
[Result "0-1"]
[WhiteElo "1953"]
[BlackElo "2200"]
[PlyCount "54"]
[EventDate "2022.06.25"]
[WhiteTeam "Guildford Castles"]
[BlackTeam "The Sharks 2"]

1. d4 d5 2. Bf4 Nc6 3. e3 f6 4. Bd3 g6 5. Nf3 Bg7 6. Bb5 e6 7. h3 Nge7 8. Nc3
a6 9. Be2 e5 10. dxe5 fxe5 11. Bg5 Be6 12. e4 d4 13. Na4 Qd6 14. b3 O-O 15. Nb2
h6 16. Bd2 g5 17. Bxg5 hxg5 18. Nxg5 b5 19. Nd3 Nb4 20. Bh5 Rf6 21. O-O Nxd3
22. Qxd3 Bd7 23. f4 exf4 24. e5 Qxe5 25. Qh7+ Kf8 26. Nf7 Qe3+ 27. Kh1 Bf5 0-1

[Event "4NCL Division 1 & 2"]
[Site "Daventry, ENG"]
[Date "2022.06.25"]
[Round "10.125"]
[White "Modi, Kishan Jagdish"]
[Black "Shepley, Julien M"]
[Result "1-0"]
[WhiteElo "2110"]
[BlackElo "1959"]
[PlyCount "77"]
[EventDate "2022.06.25"]
[WhiteTeam "The Sharks 2"]
[BlackTeam "Guildford Castles"]

1. c4 e5 2. g3 Nf6 3. Bg2 d5 4. cxd5 Nxd5 5. Nc3 Nb6 6. Nf3 Nc6 7. O-O Be7 8.
d3 Be6 9. Be3 Nd5 10. Nxd5 Bxd5 11. Rc1 O-O 12. a3 a5 13. Qc2 Bf6 14. Nd2 Bxg2
15. Kxg2 Qd5+ 16. Ne4 a4 17. Qc4 Rfd8 18. Qxd5 Rxd5 19. Nc5 Nd4 20. Bxd4 exd4
21. Nxb7 Rb5 22. Rxc7 Rxb2 23. Rfc1 g6 24. Rc8+ Rxc8 25. Rxc8+ Kg7 26. Nd6 Be7
27. Nc4 Rb3 28. Ra8 Bxa3 29. Rxa4 Bb4 30. Kf3 Rb1 31. Ra7 Bc5 32. Rc7 Rb5 33.
Ne5 Bd6 34. Rxf7+ Kg8 35. Nc4 Bb4 36. Rd7 Rf5+ 37. Kg2 Bc5 38. Nd6 Re5 39. Ne4
1-0

[Event "4NCL Division 1 & 2"]
[Site "Daventry, ENG"]
[Date "2022.06.25"]
[Round "10.126"]
[White "Golding, William"]
[Black "Birtwistle, Nigel"]
[Result "0-1"]
[WhiteElo "1848"]
[BlackElo "2206"]
[PlyCount "120"]
[EventDate "2022.06.25"]
[WhiteTeam "Guildford Castles"]
[BlackTeam "The Sharks 2"]

1. d4 Nf6 2. Bf4 c5 3. c3 Qb6 4. Qb3 cxd4 5. Qxb6 axb6 6. cxd4 Nc6 7. e3 Nb4 8.
Na3 Rxa3 9. bxa3 Nc2+ 10. Kd2 Nxa1 11. Bd3 e6 12. Nf3 Bxa3 13. Rxa1 Bb4+ 14.
Ke2 Nd5 15. Ne5 Ke7 16. Kf3 d6 17. Nc4 b5 18. Nb2 Bd7 19. Nd1 Ra8 20. Bg5+ f6
21. Bh4 g5 22. Bg3 h6 23. h4 Ra3 24. Bc2 f5 25. hxg5 hxg5 26. Bb3 Bc6 27. Ke2
Nf6 28. f3 Bd5 29. Rb1 Bxb3 30. axb3 Nd5 31. Rb2 Kd7 32. Be1 Bxe1 33. Kxe1 f4
34. e4 Nb4 35. Kd2 Nc6 36. Kc3 Ra1 37. Nf2 Rc1+ 38. Rc2 Rxc2+ 39. Kxc2 Nxd4+
40. Kc3 e5 41. Kb4 Kc6 42. Nd3 Nc2+ 43. Kc3 Ne3 44. Ne1 Kc5 45. Nd3+ Kb6 46.
Ne1 Kc5 47. Kb2 b4 48. Kc1 Kb5 49. Kd2 b6 50. Ke2 Kc5 51. Kd3 b5 52. Ke2 Kd4
53. Kd2 Nf1+ 54. Ke2 Kc3 55. Kxf1 Kxb3 56. Ke2 Kc3 57. Kd1 b3 58. Kc1 b4 59. g4
fxg3 60. Ng2 Kd3 0-1

[Event "4NCL Division 1 & 2"]
[Site "Daventry, ENG"]
[Date "2022.06.25"]
[Round "10.127"]
[White "Head, Louise"]
[Black "Golding, Charles B"]
[Result "1-0"]
[WhiteElo "2093"]
[BlackElo "1500"]
[PlyCount "51"]
[EventDate "2022.06.25"]
[WhiteTeam "The Sharks 2"]
[BlackTeam "Guildford Castles"]

1. d4 Nf6 2. c4 e6 3. Nf3 d5 4. Nc3 Be7 5. Bg5 c6 6. e3 Nbd7 7. cxd5 cxd5 8.
Bd3 Rb8 9. O-O b6 10. Bf4 Ra8 11. Nb5 O-O 12. Nc7 Rb8 13. Nb5 Ra8 14. Bc7 Qe8
15. Nd6 Bxd6 16. Bxd6 g6 17. a4 a5 18. Rc1 Qd8 19. Bxf8 Qxf8 20. Qb3 Ba6 21.
Bxa6 Rxa6 22. Rc6 Qe8 23. Rfc1 Nc5 24. Qb5 Nfe4 25. dxc5 Qa8 26. cxb6 1-0

[Event "4NCL Division 1 & 2"]
[Site "Daventry, ENG"]
[Date "2022.06.25"]
[Round "10.131"]
[White "Taylor, Adam A"]
[Black "Mulleady, Peter J"]
[Result "1-0"]
[WhiteElo "2274"]
[BlackElo "2004"]
[PlyCount "59"]
[EventDate "2022.06.25"]
[WhiteTeam "North East England"]
[BlackTeam "Manchester Manticores 1"]

1. Nf3 c5 2. g3 Nc6 3. d4 cxd4 4. Nxd4 g6 5. Bg2 Bg7 6. Nxc6 bxc6 7. c4 Nf6 8.
Nc3 O-O 9. O-O Rb8 10. e4 Ne8 11. Qc2 d6 12. Be3 c5 13. Rad1 Be6 14. b3 Qa5 15.
Bd2 Qd8 16. Qc1 Qc8 17. Bh6 Nc7 18. Rfe1 Bh3 19. Bxg7 Kxg7 20. e5 dxe5 21. Rxe5
Bxg2 22. Kxg2 Qb7+ 23. f3 Ne6 24. Nd5 Rfe8 25. Rde1 Rbd8 26. h4 Rd7 27. h5 Nd4
28. Qf4 Ne6 29. Rxe6 Rxd5 30. h6+ 1-0

[Event "4NCL Division 1 & 2"]
[Site "Daventry, ENG"]
[Date "2022.06.25"]
[Round "10.132"]
[White "Lyth, John D"]
[Black "Coathup, Roger H"]
[Result "0-1"]
[WhiteElo "1915"]
[BlackElo "2190"]
[PlyCount "122"]
[EventDate "2022.06.25"]
[WhiteTeam "Manchester Manticores 1"]
[BlackTeam "North East England"]

1. d4 Nf6 2. Nf3 g6 3. g3 Bg7 4. Bg2 O-O 5. O-O d6 6. c4 c6 7. Nc3 Bf5 8. Re1
Ne4 9. Qb3 Nxc3 10. bxc3 Bc8 11. Ba3 Nd7 12. Rad1 Qb6 13. e3 c5 14. Nd2 Qa5 15.
Bb2 Rb8 16. Qb5 Qc7 17. a4 a6 18. Qb3 b6 19. Rb1 Bb7 20. d5 Bc8 21. Bf1 Nf6 22.
Qc2 e6 23. e4 exd5 24. cxd5 b5 25. axb5 axb5 26. Bc1 Bd7 27. Nf3 Rfe8 28. Bf4
Nxe4 29. Rxe4 Rxe4 30. Qxe4 Bf5 31. Qe1 Bxb1 32. Qxb1 Bxc3 33. Bh6 b4 34. Qe4
b3 35. Bd3 Bf6 36. Nd2 b2 37. h4 Qe7 38. Qxe7 Bxe7 39. Kf1 c4 40. Bc2 Rb5 41.
Ke2 c3 42. Nb1 Bf6 43. Be4 Rxd5 44. Bc2 Rc5 45. Bf4 d5 46. Kd3 Rc4 47. Be3 Be5
48. Bb6 Kg7 49. Be3 f5 50. Bb3 Rc8 51. Bc2 d4 52. Bg5 Rb8 53. Be7 Kf7 54. Bg5
Ke6 55. Bh6 Kd5 56. f4 Bf6 57. Ba4 Kc5 58. Bd7 Ra8 59. Kc2 Ra1 60. Bf8+ Kb6 61.
Be6 d3+ 0-1

[Event "4NCL Division 1 & 2"]
[Site "Daventry, ENG"]
[Date "2022.06.25"]
[Round "10.133"]
[White "Henderson, David"]
[Black "Pelling, Kyle"]
[Result "1/2-1/2"]
[WhiteElo "2162"]
[BlackElo "1973"]
[PlyCount "107"]
[EventDate "2022.06.25"]
[WhiteTeam "North East England"]
[BlackTeam "Manchester Manticores 1"]

1. c4 Nf6 2. g3 e6 3. Bg2 d5 4. Nf3 d4 5. d3 c5 6. O-O Bd6 7. e3 Nc6 8. exd4
cxd4 9. Bg5 h6 10. Bxf6 Qxf6 11. Nbd2 Qe7 12. a3 a5 13. Nb3 Qf6 14. Nbd2 Qe7
15. Ne4 Bc7 16. b3 O-O 17. Qc2 Rd8 18. c5 e5 19. Rfe1 Ra6 20. Rac1 f6 21. Qb2
Bd7 22. Ned2 Qf7 23. Nc4 Na7 24. b4 axb4 25. axb4 Nb5 26. Nfd2 Bc6 27. Bxc6
bxc6 28. Ra1 Raa8 29. Na5 Bxa5 30. Rxa5 Rxa5 31. bxa5 Qa7 32. Qb4 Rd5 33. Nb3
Qa6 34. Ra1 f5 35. Re1 Nc3 36. Qc4 Qb5 37. Qxb5 Nxb5 38. f4 exf4 39. Re6 fxg3
40. hxg3 Na7 41. Re7 Nb5 42. a6 Rd8 43. Rb7 Kh7 44. Rb6 Rc8 45. Na5 Na7 46. Rb7
Ra8 47. Rc7 Kg6 48. Nc4 Nb5 49. Rxc6+ Kg5 50. Nd6 Nc3 51. Kg2 Nd5 52. Kf3 Nb4
53. Rc7 Rxa6 54. Rxg7+ 1/2-1/2

[Event "4NCL Division 1 & 2"]
[Site "Daventry, ENG"]
[Date "2022.06.25"]
[Round "10.134"]
[White "Whitehead, Mark A"]
[Black "Oswald, Graeme"]
[Result "0-1"]
[WhiteElo "1909"]
[BlackElo "2154"]
[PlyCount "84"]
[EventDate "2022.06.25"]
[WhiteTeam "Manchester Manticores 1"]
[BlackTeam "North East England"]

1. e4 c5 2. Nc3 Nc6 3. g3 g6 4. Bg2 Bg7 5. d3 e6 6. Be3 Qb6 7. Qc1 Nge7 8. Nge2
Nd4 9. Rb1 a5 10. O-O O-O 11. f4 d6 12. Re1 Bd7 13. a3 a4 14. h3 Qc7 15. g4 f5
16. Ng3 Bc6 17. Qd2 Rae8 18. Rf1 b5 19. Rbe1 Qb7 20. Nd1 b4 21. c3 bxc3 22.
Nxc3 Qb3 23. Rf2 Rf7 24. Ref1 d5 25. e5 Rb8 26. Qd1 Qxd1 27. Rxd1 Nb3 28. Bc1
d4 29. Bxc6 Nxc6 30. Nxa4 Ra7 31. Nxc5 Nxc5 32. Rc2 Bf8 33. b4 Nxb4 34. axb4
Rxb4 35. gxf5 gxf5 36. Ne2 Ra1 37. Kf2 Rbb1 38. Nxd4 Rxc1 39. Rcxc1 Rxc1 40.
Rxc1 Nxd3+ 41. Ke3 Nxc1 42. Nxe6 Nb3 0-1

[Event "4NCL Division 1 & 2"]
[Site "Daventry, ENG"]
[Date "2022.06.25"]
[Round "10.135"]
[White "Longson, Sarah N"]
[Black "Lonsdale, Jon I"]
[Result "1-0"]
[WhiteElo "2115"]
[BlackElo "1887"]
[PlyCount "65"]
[EventDate "2022.06.25"]
[WhiteTeam "North East England"]
[BlackTeam "Manchester Manticores 1"]

1. e4 c5 2. Nc3 Nc6 3. Bb5 Nd4 4. Nf3 Nxb5 5. Nxb5 d5 6. exd5 a6 7. Nc3 Nf6 8.
d4 Nxd5 9. dxc5 Nxc3 10. Qxd8+ Kxd8 11. bxc3 f6 12. Be3 e5 13. Rb1 Kc7 14. Nd2
Bf5 15. Rb2 Rd8 16. Ke2 Rd7 17. Rhb1 Kc8 18. c6 bxc6 19. Rb8+ Kc7 20. Nc4 c5
21. R1b7+ Kc6 22. Na5+ Kd5 23. c4+ Kd6 24. Rb6+ Kc7 25. R8b7+ Kc8 26. Rc6+ Kd8
27. Rb8+ Ke7 28. Nb3 Kf7 29. Nxc5 Bxc5 30. Rxh8 Bxe3 31. Kxe3 Bxc2 32. Ra8 Bd3
33. Raxa6 1-0